Giáo trình nhập môn tin học Dành cho sinh viên các trường đại học kỹ thuật
محفوظ في:
| المؤلف الرئيسي: | |
|---|---|
| التنسيق: | كتاب |
| اللغة: | Undetermined |
| منشور في: |
Tp. HCM
Đại học sư phạm kĩ thuật
1992
|
| الموضوعات: | |
| الوسوم: |
إضافة وسم
لا توجد وسوم, كن أول من يضع وسما على هذه التسجيلة!
|
| Thư viện lưu trữ: | Trung tâm Học liệu Trường Đại học Cần Thơ |
|---|
| LEADER | 00602nam a2200181Ia 4500 | ||
|---|---|---|---|
| 001 | CTU_5067 | ||
| 008 | 210402s9999 xx 000 0 und d | ||
| 082 | |a 004.07 | ||
| 082 | |b Qu530 | ||
| 100 | |a Bùi Huy Quỳnh | ||
| 245 | 0 | |a Giáo trình nhập môn tin học | |
| 245 | 0 | |b Dành cho sinh viên các trường đại học kỹ thuật | |
| 245 | 0 | |c Bùi Huy Quỳnh | |
| 260 | |a Tp. HCM | ||
| 260 | |b Đại học sư phạm kĩ thuật | ||
| 260 | |c 1992 | ||
| 650 | |a programming languages ( electronic computers ) | ||
| 980 | |a Trung tâm Học liệu Trường Đại học Cần Thơ | ||